| 000 | 01151nam a2200241Ii 4500 | ||
|---|---|---|---|
| 003 | JO-AjNU | ||
| 005 | 20240629140525.0 | ||
| 008 | 230605s9999||||xx |||||||||||||| ||und|| | ||
| 040 |
_aJO-AjNU _bara _erda _cJO-AjNU |
||
| 041 | _aara | ||
| 050 | 1 | 4 | _aK1150.2020 |
| 100 |
_aالعاني، عمر عبد الكريم _eمعد _965827 |
||
| 245 | 0 | 0 |
_aالآليات القانونية الدولية لحماية الانهار المشتركة "العراق نموذجا" = International Legal Mechanisms for the Protection of Common Rivers"Iraq is A model" _c/ اعداد عمر عبد الكريم العاني ؛ اشراف طلال ياسين العيسى |
| 264 | 3 | 1 | _a2020 |
| 300 | _a121 ورقة | ||
| 336 |
_atext _btxt _2rdacontent |
||
| 337 |
_aunmediated _bn _2rdamedia |
||
| 338 |
_avolume _bnc _2rdacarrier |
||
| 500 | _aرسالة جامعية(اطروحة ماجستير) جامعة عجلون الوطنية: كلية الحقوق، القانون،2020 | ||
| 650 | 4 |
_aالقانون الدولي - حماية الانهار - العراق _959748 |
|
| 700 |
_aالعيسى، طلال ياسين _964930 _eمشرف |
||
| 942 |
_2lcc _cTHS |
||
| 999 |
_c30470 _d30470 |
||